=LDR 00000nam 2200000 4500 =001 INLIS000000000008746 =005 20130612100557 =008 ***********************************aInd** =035 ##$$0010-061300000008746 =041 ##$$a aInd =082 ##$$a 959.824 53 =090 ##$$a 959.824 53, Tho a =100 ##$$a Tholkah, Imam =245 ##$$a Anatomi Konflk Politik di Indonesia, Belajar dari Ketegangan Politik Varan di Madukoro, Imam Tholkhah; Penerjemah, achmad Syahid Chokil =260 ##$$a 2001 $b Jakarta =300 ##$$a xx, 249 hlm, 21 cm =650 ##$$a Indonesia - Politik dan Pemerintahan =700 ##$$a Kholl, Akhmad Syahid =850 ##$$a NBPNMAT